LEADER 01564nam a2200241 i 4500 001 000000225686 003 CaOOAMICUS 005 20250404145405.0 008 131216s1688 it u000 u lat u 013 $a204588 026 $ae.em isi. ate- mesu (C) 1688 (R) 040 $aSeMil$bita 245 10$aVenerabilis Bedae ... Operum tomus sextus, in omnes diui Pauli epistolas, quibus praemittuntur Retractationes et quinque quaestiones in Acta Apostolorum .. 300 $a[2] p., 852 col. 500 $aSegn.: a-2m6 2n4 773 0 $aBeda : Venerabilis $tVenerabilis Bedae ... Opera theologica, moralia, historica, philosophica, mathematica & rhetorica ... in Vetus et Novum Testamentum ... Moralibus doctrinis & expositionibus in quatuor Evangelistarum Evangelia illustrata ..$dColoniae Agrippinae : Apud Ioannem Wilhelmum Friessem juniorem, 1688.$bHac postrema editione diligenter recognita, sedulo correcta, & divisa in tomos 8. Cum indice rerum verborumque copiosissimo.$g6$w()29258 850 $aSeMil 852 $aSeMil$W1$xVenegono$y1$m2U VI 6 FA$j176032$B176032$CSeMilBibl$Z2$F186503 $8I 852 $aSeMil$W1$xVenegono$y1$m2T VI 6 FA$j176467$B176467$CSeMilBibl$Z2$F186991 $8I 961 $aOmaggio: Biblioteca Seminario Seveso (dal 1998) 961 $aOmaggio: Biblioteca Seminario Seveso (dal 1998) 996 $6245$aVenerabilis Bedae ... Operum tomus sextus, in omnes diui Pauli epistolas, quibus praemittuntur Retractationes et quinque quaestiones in Acta Apostolorum ..$9(OLS)http://semarc/title/323276 LEADER 01072nam a2200265 i 4500 001 000000241716 003 CaOOAMICUS 005 20150513000000.0 008 150513s2015 it u000 u ita u 013 $a220621 020 $a978-88-7105-355-4 040 $aSeMil$bita 100 1 $aLa Tour Du Pin, Patrice : de.$0(OLS)http://semarc/name/65040 245 10$aSalmi di tutti i miei tempi /$cPatrice de La Tour du Pin ; introduzione e traduzione di Gianfranco Poma. 260 $aMilano :$bGlossa,$c2015. 300 $a132 p. ;$c20 cm. 490 0 $aSapientia ;$v68 700 1 $aPoma, Gianfranco.$0(OLS)http://semarc/name/15409 830 0$aSapientia ;$v68.$0(OLS)http://semarc/title/625 850 $aSeMil 852 $aSeMil$W1$xVenegono$y1$m2KA O 68$j229415$B192062$CSeMilBibl$Z2$F202865 $81 961 $aOmaggio: Como don Giuseppe 996 $6020$a978-88-7105-355-4$9(OLS)http://semarc/number/248599 996 $6245$aSalmi di tutti i miei tempi$9(OLS)http://semarc/title/343478 996 $6260$aMilano :$bGlossa$9(OLS)http://semarc/publisher/29635